[Event "Valasska Bystrice Open"]
[Site "?"]
[Date "2011.09.16"]
[Round "8.5"]
[White "Balacek, Tadeas"]
[Black "Cizinsky, Petr"]
[Result "1/2-1/2"]
[WhiteElo "2245"]
[BlackElo "2178"]
[PlyCount "71"]
[EventDate "2011.09.10"]

1. d4 Nf6 2. c4 g6 3. Nc3 d5 4. Nf3 Bg7 5. e3 O-O 6. cxd5 Nxd5 7. Bc4 Nb6 8.
Bb3 Na6 9. O-O c5 10. Qe2 Bg4 11. Rd1 cxd4 12. exd4 Qd7 13. h3 Bxf3 14. Qxf3
Nb4 15. Be3 Nc6 16. Ne4 Na5 17. Nc5 Qf5 18. Qxf5 gxf5 19. Bc2 Nd5 20. Bxf5 Nxe3
21. fxe3 Nc4 22. Kf2 b6 23. Nd3 e5 24. dxe5 Nxe5 25. Nxe5 Bxe5 26. Rd2 Rfd8 27.
Rad1 Bf6 28. Bd7 Kf8 29. b3 Ke7 30. Kf3 a6 31. Ke4 h6 32. g3 Ra7 33. Bg4 Rxd2
34. Rxd2 Rc7 35. h4 b5 36. Kf4 1/2-1/2

[Event "Valasska Bystrice Open"]
[Site "?"]
[Date "2011.09.16"]
[Round "8.6"]
[White "Volodin, Viktor"]
[Black "Mrva, Vladimir"]
[Result "0-1"]
[WhiteElo "2210"]
[BlackElo "2157"]
[PlyCount "136"]
[EventDate "2011.09.10"]

1. d4 Nf6 2. g3 d6 3. Bg2 Nbd7 4. Nf3 e5 5. c4 c6 6. dxe5 dxe5 7. O-O Be7 8. b3
O-O 9. Bb2 Qc7 10. Nc3 Re8 11. Qc2 Bd6 12. Ng5 Nf8 13. Nce4 Nxe4 14. Nxe4 Be7
15. c5 f5 16. Nd2 Be6 17. Nc4 Bxc5 18. Nxe5 Qe7 19. Rad1 Bb6 20. Nc4 Bc5 21.
Ne5 Bb6 22. e3 Rad8 23. Qc3 Qf6 24. Qc1 Rxd1 25. Rxd1 Rd8 26. Nd7 Qe7 27. Ba3
c5 28. Nxb6 Rxd1+ 29. Qxd1 axb6 30. Bb2 b5 31. h4 b6 32. Bc6 b4 33. Be5 Bf7 34.
Qd6 Qxd6 35. Bxd6 Ne6 36. Bd7 g6 37. Kf1 Kg7 38. Be5+ Kf8 39. Bd6+ Kg7 40. Ke2
Kf6 41. Bb5 g5 42. hxg5+ Nxg5 43. Bc7 Ne4 44. Bc4 Bxc4+ 45. bxc4 Ke6 46. Bxb6
Kd6 47. Bd8 Kd7 48. Bh4 Ke6 49. f3 Nc3+ 50. Kd2 Nxa2 51. Kc2 Nc3 52. Kb3 h6 53.
Kc2 Ne2 54. Kb3 Ng1 55. f4 Nf3 56. Bd8 Nd2+ 57. Kc2 Nxc4 58. Kd3 Nd6 59. Ba5
Kd5 60. Bd8 c4+ 61. Kc2 b3+ 62. Kb2 Ke4 63. Be7 Nb5 64. Bh4 h5 65. Be7 Kxe3 66.
Bd8 Kd3 67. Bf6 Nd4 68. Be7 c3+ 0-1

[Event "Valasska Bystrice Open"]
[Site "?"]
[Date "2011.09.16"]
[Round "8.7"]
[White "Parak, Dominik"]
[Black "Moravec, Vit"]
[Result "0-1"]
[WhiteElo "2160"]
[BlackElo "2144"]
[PlyCount "48"]
[EventDate "2011.09.10"]

1. e4 c5 2. Nf3 d6 3. d4 cxd4 4. Nxd4 Nf6 5. Nc3 g6 6. Be2 Bg7 7. O-O O-O 8.
Be3 Nc6 9. h3 Bd7 10. Qd2 a6 11. a4 Rc8 12. Nxc6 Bxc6 13. Bd3 d5 14. exd5 Nxd5
15. Bh6 Bxh6 16. Qxh6 Nxc3 17. bxc3 Qd5 18. f3 Qc5+ 19. Kh1 Qxc3 20. Qg5 e6 21.
h4 Rcd8 22. Qg3 Qc5 23. Rfe1 Rd4 24. Re5 Rxh4+ 0-1

[Event "Valasska Bystrice Open"]
[Site "?"]
[Date "2011.09.16"]
[Round "8.8"]
[White "Juricek, Stanislav"]
[Black "Michalcak, Lubomir"]
[Result "0-1"]
[WhiteElo "2131"]
[BlackElo "2100"]
[PlyCount "80"]
[EventDate "2011.09.10"]

1. e4 c6 2. d4 d5 3. Nc3 dxe4 4. Nxe4 Bf5 5. Ng3 Bg6 6. h4 h6 7. Nf3 Nd7 8. h5
Bh7 9. Bd3 Bxd3 10. Qxd3 Qc7 11. Rh4 e6 12. Bf4 Qa5+ 13. Bd2 Qc7 14. O-O-O Be7
15. Rhh1 Ngf6 16. Qe2 O-O-O 17. Ne5 Nxe5 18. dxe5 Nd7 19. f4 Nc5 20. Be3 Rxd1+
21. Rxd1 Rd8 22. Bxc5 Bxc5 23. Ne4 Rxd1+ 24. Kxd1 Be7 25. Qd3 Qb6 26. Nd6+ Bxd6
27. Qxd6 Qg1+ 28. Ke2 Qxg2+ 29. Ke3 Qh3+ 30. Kd4 Qh4 31. Ke3 Qd8 32. Qa3 a6 33.
c4 g6 34. Ke4 gxh5 35. Qh3 Qg8 36. b4 Qg4 37. Qf1 h4 38. b5 axb5 39. cxb5 h3
40. Qc4 h2 0-1

[Event "Valasska Bystrice Open"]
[Site "?"]
[Date "2011.09.16"]
[Round "8.9"]
[White "Alfimov, Igor"]
[Black "Kunc, Miroslav"]
[Result "1-0"]
[WhiteElo "1888"]
[BlackElo "2094"]
[PlyCount "77"]
[EventDate "2011.09.10"]

1. d4 e6 2. c4 f5 3. Nc3 Nf6 4. g3 Be7 5. Bg2 O-O 6. Nf3 d6 7. O-O Qe8 8. Qc2
Qh5 9. b3 Nc6 10. Bb2 g5 11. Nb5 Bd8 12. d5 Ne7 13. dxe6 Bxe6 14. Nfd4 Bd7 15.
Bxb7 Rb8 16. Bg2 c5 17. Nf3 Ne4 18. Nc3 Bc6 19. Rad1 Ng6 20. Ne1 Ne5 21. Nxe4
fxe4 22. Bxe5 dxe5 23. Bxe4 Be8 24. Rd5 g4 25. Bg2 Bc6 26. Rd6 Be8 27. Bd5+ Kh8
28. Qc3 Bc7 29. Re6 Bf7 30. Re7 Bxd5 31. cxd5 Bd6 32. Re6 Rb6 33. Qe3 Bc7 34.
Nd3 Rf5 35. Qxc5 Rxe6 36. dxe6 Bb6 37. Qc8+ Kg7 38. Qd7+ Kg6 39. e7 1-0

[Event "Valasska Bystrice Open"]
[Site "?"]
[Date "2011.09.16"]
[Round "8.10"]
[White "Horak, Karel"]
[Black "Kozojed, Vlastislav"]
[Result "1-0"]
[WhiteElo "2051"]
[BlackElo "1966"]
[PlyCount "85"]
[EventDate "2011.09.10"]

1. e4 c6 2. d4 d5 3. exd5 cxd5 4. c4 Nf6 5. Nc3 e6 6. Nf3 Be7 7. cxd5 Nxd5 8.
Bc4 O-O 9. O-O Nc6 10. Re1 Nxc3 11. bxc3 b6 12. h4 Bb7 13. Bd3 Bf6 14. Ng5 g6
15. Qg4 Qd7 16. Bf4 Rad8 17. Nf3 h5 18. Qg3 Bg7 19. Rad1 Ne7 20. Ne5 Qc8 21.
Nc4 Nf5 22. Qh3 Bd5 23. Ne3 Qxc3 24. Nxd5 Rxd5 25. Bxf5 Qa5 26. Bb1 Rxd4 27.
Be3 Rd5 28. Rf1 Rfd8 29. Qf3 Qa4 30. Rxd5 Rxd5 31. Qf4 Qd7 32. Bc2 Be5 33. Qf3
Qc7 34. Bb3 Rd8 35. Rc1 Qb8 36. Bg5 Rc8 37. Rxc8+ Qxc8 38. Qe4 Qc3 39. g3 Kg7
40. Qe3 Qc7 41. Qe4 b5 42. Bd2 a5 43. Bxa5 1-0

[Event "Valasska Bystrice Open"]
[Site "?"]
[Date "2011.09.16"]
[Round "8.11"]
[White "Malcanek, Jan"]
[Black "Riska, Lubomir"]
[Result "1/2-1/2"]
[WhiteElo "1943"]
[BlackElo "2232"]
[PlyCount "99"]
[EventDate "2011.09.10"]

1. e4 c5 2. Nf3 e6 3. d4 cxd4 4. Nxd4 Nc6 5. c4 Nf6 6. Nc3 Qc7 7. Be3 a6 8. Bd3
Ne5 9. Rc1 Nfg4 10. Bg5 Nxd3+ 11. Qxd3 Bc5 12. Bh4 Qb6 13. Nce2 Ne5 14. Qd1 O-O
15. b3 d6 16. O-O Bd7 17. Kh1 Nc6 18. Nxc6 Bxc6 19. Be7 Bxe4 20. Bxf8 Rxf8 21.
Nc3 Bc6 22. Qe2 Re8 23. Ne4 Ba3 24. Rcd1 d5 25. Ng5 h6 26. Nf3 Bc5 27. Ne5 d4
28. Nxc6 bxc6 29. f4 a5 30. Rd3 g6 31. f5 e5 32. fxg6 fxg6 33. Qg4 Kg7 34. Rg3
g5 35. Qd7+ Re7 36. Qf5 Qc7 37. h4 Rf7 38. Qxf7+ Qxf7 39. Rxf7+ Kxf7 40. hxg5
hxg5 41. Rxg5 d3 42. Rxe5 Kf6 43. Re1 Kf5 44. g4+ Kf4 45. Kg2 d2 46. Rd1 Ke3
47. Kf1 Be7 48. Ra1 Bf6 49. Rb1 c5 50. Rd1 1/2-1/2

[Event "Valasska Bystrice Open"]
[Site "?"]
[Date "2011.09.16"]
[Round "8.12"]
[White "Konvicka, Martin"]
[Black "Papan, Cyril"]
[Result "1/2-1/2"]
[WhiteElo "1772"]
[BlackElo "2086"]
[PlyCount "123"]
[EventDate "2011.09.10"]

1. e4 d6 2. d4 Nf6 3. Nc3 e5 4. Nf3 Nbd7 5. Bc4 Be7 6. O-O O-O 7. h3 c6 8. a4
Qc7 9. Be3 Nxe4 10. Nxe4 d5 11. Ned2 dxc4 12. dxe5 c3 13. bxc3 Nxe5 14. Re1 Ng6
15. Nb3 Bf6 16. Bd4 Qf4 17. Bxf6 Qxf6 18. Qd4 Qf5 19. Rad1 Be6 20. Nc5 Bd5 21.
Re3 Rae8 22. Nxb7 Rxe3 23. Qxe3 Qxc2 24. Qd4 Nf4 25. Qd2 Ne2+ 26. Kh2 Qxd2 27.
Rxd2 Nxc3 28. Ne5 Re8 29. Rc2 Rxe5 30. Rxc3 Re2 31. Kg3 h5 32. Rc5 h4+ 33. Kxh4
Re4+ 34. g4 Rxa4 35. Na5 Ra3 36. Nxc6 Bg2 37. Ne7+ Kf8 38. Nf5 Ke8 39. Ne3 Bb7
40. Nc4 Ra6 41. Rc7 Bd5 42. Ne3 Be6 43. f4 Kd8 44. Rb7 Bd7 45. f5 Kc8 46. Rb3
Rh6+ 47. Kg3 a5 48. Nc4 a4 49. Ra3 Ra6 50. Kf4 f6 51. Ke4 Kc7 52. Kd5 Be8 53.
Kc5 Ra8 54. Nd6 Bc6 55. Nc4 Rb8 56. Ne3 Rb5+ 57. Kc4 Re5 58. Nd1 Bd5+ 59. Kb4
Bb3 60. Nc3 Re8 61. Nxa4 Bxa4 62. Rxa4 1/2-1/2

[Event "Valasska Bystrice Open"]
[Site "?"]
[Date "2011.09.16"]
[Round "8.13"]
[White "Simek, Jiri"]
[Black "Vinklarek, Robert"]
[Result "1-0"]
[WhiteElo "2058"]
[BlackElo "1685"]
[PlyCount "75"]
[EventDate "2011.09.10"]

1. e4 c6 2. d4 d5 3. e5 Bf5 4. Nf3 e6 5. Be2 c5 6. Be3 Nc6 7. c3 cxd4 8. cxd4
Bb4+ 9. Nc3 Nge7 10. O-O O-O 11. a3 Ba5 12. Nb5 Bc7 13. Nxc7 Qxc7 14. Rc1 a6
15. Qd2 b5 16. b4 Bg4 17. Bg5 Nf5 18. Rfe1 Bxf3 19. Bxf3 Qb6 20. Be3 Rfc8 21.
Rc5 Rc7 22. Be2 Rac8 23. Rec1 Nce7 24. Bd3 Nxe3 25. fxe3 Rxc5 26. bxc5 Qc7 27.
Rb1 Rb8 28. Qc2 h6 29. a4 Qc6 30. Qc3 Qb7 31. axb5 axb5 32. Rxb5 Qc7 33. Qa5
Qc8 34. Qa7 Nc6 35. Rxb8 Nxb8 36. Bb5 Nc6 37. Qb6 Ne7 38. c6 1-0

[Event "Valasska Bystrice Open"]
[Site "?"]
[Date "2011.09.16"]
[Round "8.14"]
[White "Koller, Martin"]
[Black "Hrabal, Michal"]
[Result "1-0"]
[WhiteElo "1758"]
[BlackElo "2046"]
[PlyCount "47"]
[EventDate "2011.09.10"]

1. d4 Nf6 2. c4 g6 3. Nc3 Bg7 4. e4 d6 5. f4 O-O 6. Nf3 c5 7. d5 b5 8. cxb5 a6
9. a4 Qa5 10. Bd2 Nbd7 11. Be2 axb5 12. Bxb5 Qa7 13. Qe2 Ba6 14. O-O Rfb8 15.
e5 Ne8 16. e6 Nf8 17. exf7+ Kxf7 18. f5 Kg8 19. fxg6 hxg6 20. Ng5 Bd4+ 21. Kh1
Bxc3 22. Rxf8+ Kxf8 23. Qe6 Bxd2 24. Qf7# 1-0

[Event "Valasska Bystrice Open"]
[Site "?"]
[Date "2011.09.16"]
[Round "8.15"]
[White "Sabolova, Kristyna"]
[Black "Musil, Vitezslav"]
[Result "1/2-1/2"]
[WhiteElo "1734"]
[BlackElo "2005"]
[PlyCount "42"]
[EventDate "2011.09.10"]

1. d4 Nf6 2. c4 g6 3. Nc3 Bg7 4. Nf3 d6 5. g3 O-O 6. Bg2 Nc6 7. O-O Bg4 8. h3
Bxf3 9. Bxf3 Nd7 10. Bxc6 bxc6 11. e4 c5 12. d5 Rb8 13. Qe2 a6 14. Nd1 c6 15.
Rb1 Qc8 16. Bd2 cxd5 17. cxd5 Ne5 18. Kh2 c4 19. Bc3 Qc5 20. f4 Nd3 21. Bxg7
Kxg7 1/2-1/2

[Event "Valasska Bystrice Open"]
[Site "?"]
[Date "2011.09.16"]
[Round "8.16"]
[White "Drabek, Miloslav"]
[Black "Jurca, Marek"]
[Result "1/2-1/2"]
[WhiteElo "2005"]
[BlackElo "1865"]
[PlyCount "35"]
[EventDate "2011.09.10"]

1. d4 d5 2. Nf3 Nf6 3. c4 e6 4. g3 Be7 5. Bg2 O-O 6. Nbd2 Nbd7 7. O-O b6 8. b3
Bb7 9. Bb2 c5 10. e3 Rc8 11. Rc1 Rc7 12. Qe2 Qa8 13. Rfd1 Rfc8 14. Qf1 Ne4 15.
Nxe4 dxe4 16. Ne5 Rd8 17. Nxd7 Rcxd7 18. dxc5 1/2-1/2

[Event "Valasska Bystrice Open"]
[Site "?"]
[Date "2011.09.16"]
[Round "8.19"]
[White "Plasek, Radim"]
[Black "Badacova, Irena"]
[Result "1-0"]
[WhiteElo "1957"]
[BlackElo "1856"]
[PlyCount "113"]
[EventDate "2011.09.10"]

1. e4 d5 2. exd5 Nf6 3. c4 e6 4. dxe6 Bxe6 5. Nf3 Nc6 6. Be2 Bc5 7. a3 O-O 8.
Nc3 Nd4 9. O-O Nxe2+ 10. Qxe2 Re8 11. Qe5 Bd5 12. Qf5 g6 13. Qd3 Bxf3 14. Qxf3
c6 15. d3 Re5 16. Be3 Rf5 17. Qe2 Bd6 18. Ne4 Bc7 19. Bg5 Be5 20. g4 Rxg5 21.
Nxg5 Qd4 22. Ne4 Rd8 23. Nxf6+ Bxf6 24. Rfd1 Qf4 25. Qe4 Qg5 26. d4 Kg7 27. Kh1
h5 28. d5 c5 29. Rg1 Rh8 30. f4 Qh4 31. Qe1 hxg4 32. Qxh4 Rxh4 33. d6 Bd4 34.
d7 Rh8 35. Rxg4 Rd8 36. f5 Rxd7 37. fxg6 fxg6 38. Rb1 Re7 39. b4 b6 40. Rd1 Re3
41. Rg3 Re4 42. Rf3 a5 43. b5 g5 44. h3 Kg6 45. Kg2 Re2+ 46. Kf1 Rc2 47. Re1
Rxc4 48. Re6+ Kh5 49. Rxb6 Rc1+ 50. Ke2 c4 51. Rc6 c3 52. Rf7 Kh4 53. Rc4 Rc2+
54. Kf1 Rd2 55. Rd7 Rd1+ 56. Ke2 Rd2+ 57. Ke1 1-0

[Event "Valasska Bystrice Open"]
[Site "?"]
[Date "2011.09.16"]
[Round "8.20"]
[White "Sramek, Josef"]
[Black "Foukal, Jiri"]
[Result "0-1"]
[WhiteElo "2142"]
[BlackElo "1915"]
[PlyCount "62"]
[EventDate "2011.09.10"]

1. e4 e6 2. d4 d5 3. Nc3 Bb4 4. exd5 exd5 5. Bd3 Nf6 6. Bg5 c5 7. a3 Bxc3+ 8.
bxc3 Be6 9. Nf3 Nbd7 10. O-O Qc7 11. Re1 O-O 12. dxc5 Qxc5 13. Be3 Qxc3 14. Bd4
Qc7 15. Rb1 Rfe8 16. h3 Ne4 17. Bxe4 dxe4 18. Ng5 Bf5 19. Nxf7 Kxf7 20. Qh5+
Ke6 21. Bxg7 Nf6 22. Bxf6 Kxf6 23. g4 Bg6 24. g5+ Kf7 25. Qg4 h6 26. Rbd1 Rad8
27. h4 Qe5 28. h5 Bf5 29. Qh4 Rxd1 30. Rxd1 e3 31. f4 Qc5 0-1

[Event "Valasska Bystrice Open"]
[Site "?"]
[Date "2011.09.16"]
[Round "8.21"]
[White "Stanek, Stanislav"]
[Black "Luzikova, Nicola"]
[Result "1-0"]
[WhiteElo "2024"]
[BlackElo "1781"]
[PlyCount "96"]
[EventDate "2011.09.10"]

1. Nc3 d5 2. e4 d4 3. Nce2 e5 4. Ng3 Nc6 5. Bc4 Nf6 6. a3 Bd6 7. d3 O-O 8. N1e2
Na5 9. Ba2 c5 10. Bd2 Nc6 11. O-O Bd7 12. Bg5 h6 13. Bd2 Rc8 14. Kh1 b5 15. Ng1
Qc7 16. Nh5 Nxh5 17. Qxh5 Ne7 18. Nf3 c4 19. Bxh6 gxh6 20. Qxh6 f6 21. Nh4 Rf7
22. b3 Be6 23. bxc4 bxc4 24. f4 Rcf8 25. f5 Rh7 26. Qxh7+ Kxh7 27. fxe6 cxd3
28. cxd3 Qc2 29. Bc4 Ng6 30. Ra2 Qa4 31. Nf5 Qc6 32. Rf3 Nf4 33. Rg3 Nxe6 34.
h4 Qd7 35. Rf2 Bxa3 36. Ra2 Bc5 37. Ra5 Bb6 38. Rd5 Qa4 39. Rd6 Qd1+ 40. Kh2
Nc5 41. Rg7+ Kh8 42. Rg6 Qh5 43. Rh6+ Qxh6 44. Nxh6 Kg7 45. Nf5+ Kg6 46. Ne7+
Kg7 47. Nf5+ Kg6 48. g4 Rc8 1-0

[Event "Valasska Bystrice Open"]
[Site "?"]
[Date "2011.09.16"]
[Round "8.22"]
[White "Folta, Frantisek"]
[Black "Pys, Zbynek"]
[Result "1/2-1/2"]
[WhiteElo "1816"]
[BlackElo "1987"]
[PlyCount "39"]
[EventDate "2011.09.10"]

1. c4 Nf6 2. Nc3 e6 3. e4 d6 4. d4 Be7 5. Nf3 Nc6 6. Be2 d5 7. e5 Ne4 8. Qc2
Bb4 9. O-O Bxc3 10. bxc3 O-O 11. Nd2 f5 12. f3 Ng5 13. Ba3 Re8 14. Rab1 Rb8 15.
cxd5 exd5 16. Bb5 Re6 17. f4 Nf7 18. Nf3 Ne7 19. Bd3 b6 20. Qb3 1/2-1/2

[Event "Valasska Bystrice Open"]
[Site "?"]
[Date "2011.09.16"]
[Round "8.23"]
[White "Micka, Jaroslav"]
[Black "Veselsky, Frantisek"]
[Result "0-1"]
[WhiteElo "1835"]
[BlackElo "1979"]
[PlyCount "58"]
[EventDate "2011.09.10"]

1. e4 d5 2. exd5 Qxd5 3. Nc3 Qa5 4. Nf3 c6 5. d4 Bf5 6. Bc4 e6 7. Bd2 Qc7 8.
Qe2 Nd7 9. O-O-O O-O-O 10. Nh4 Bg6 11. Ne4 Ngf6 12. Ng5 Bh5 13. Nhf3 h6 14. Ne4
Nxe4 15. Qxe4 Nf6 16. Qd3 Bd6 17. Be3 Ng4 18. h3 Nxe3 19. fxe3 Bg3 20. Qb3 Rhe8
21. Rd2 Re7 22. Rhd1 Qb6 23. Qxb6 axb6 24. Bb3 Kc7 25. c4 f6 26. Kc2 g5 27. d5
exd5 28. cxd5 Rxe3 29. Rd3 Bg6 0-1

[Event "Valasska Bystrice Open"]
[Site "?"]
[Date "2011.09.16"]
[Round "8.26"]
[White "Bartosek, Ivan"]
[Black "Vaculik, Jakub"]
[Result "1-0"]
[WhiteElo "1928"]
[BlackElo "1783"]
[PlyCount "103"]
[EventDate "2011.09.10"]

1. e4 e5 2. Nf3 Nc6 3. Bb5 a6 4. Ba4 Nf6 5. O-O Be7 6. d4 Nxe4 7. d5 Na7 8.
Nxe5 O-O 9. c4 d6 10. Ng4 f5 11. Bc2 Ng5 12. Bxg5 Bxg5 13. Ne3 f4 14. Qd3 g6
15. Nd1 f3 16. Ne3 fxg2 17. Nxg2 Bf4 18. Nd2 Qg5 19. Ne4 Qh6 20. Ng3 b5 21.
Rae1 Bf5 22. Qb3 Be5 23. Bxf5 gxf5 24. f4 Bd4+ 25. Kh1 Rae8 26. cxb5 axb5 27.
Qc2 Nc8 28. Qxc7 Rxe1 29. Rxe1 Bf2 30. Nxf5 Qf6 31. Ne7+ Nxe7 32. Rxe7 Qxb2 33.
Ne1 Qa1 34. Qxd6 Bxe1 35. Qe6+ Kh8 36. Qxe1 Qxe1+ 37. Rxe1 Rxf4 38. Rd1 Rf7 39.
d6 Rd7 40. Kg2 Kg7 41. Rd5 Kf6 42. Rxb5 Rxd6 43. a4 Rd3 44. a5 Ra3 45. h4 Ke7
46. h5 h6 47. Kf2 Kd7 48. Ke2 Kc7 49. Kd2 Rh3 50. a6 Ra3 51. Rb7+ Kc6 52. Rh7
1-0

[Event "Valasska Bystrice Open"]
[Site "?"]
[Date "2011.09.16"]
[Round "8.27"]
[White "Bambusek, Vladislav"]
[Black "Smilek, Petr"]
[Result "0-1"]
[WhiteElo "1713"]
[BlackElo "1917"]
[PlyCount "58"]
[EventDate "2011.09.10"]

1. e4 c5 2. g3 Nc6 3. Bg2 g6 4. c3 Bg7 5. d3 d6 6. Be3 Nf6 7. h3 O-O 8. Ne2 e5
9. O-O b5 10. Na3 b4 11. Nc2 Rb8 12. Qd2 bxc3 13. bxc3 Qa5 14. Ne1 Ba6 15. f4
Rb7 16. f5 Rfb8 17. fxg6 fxg6 18. Bg5 Rb2 19. Nc2 Qa4 20. Rfc1 Nd7 21. Bf3 c4
22. dxc4 Bxc4 23. Qxd6 Rxc2 24. Qxd7 Bxe2 25. Qd5+ Kh8 26. Rxc2 Qxc2 27. Bxe2
Qxe2 28. Qxc6 h6 29. Bf6 Rb2 0-1

[Event "Valasska Bystrice Open"]
[Site "?"]
[Date "2011.09.16"]
[Round "8.29"]
[White "Ambros, Zdenek"]
[Black "Korinek, Jaroslav"]
[Result "1/2-1/2"]
[WhiteElo "1888"]
[BlackElo "1792"]
[PlyCount "44"]
[EventDate "2011.09.10"]

1. d4 Nf6 2. Nf3 d6 3. c4 Bg4 4. Nc3 c6 5. Bf4 Nbd7 6. e4 e5 7. Be3 Qc7 8. d5
Be7 9. Be2 O-O 10. O-O Nc5 11. Qc2 Rfe8 12. b4 Na6 13. a3 Rac8 14. dxc6 bxc6
15. c5 Nb8 16. cxd6 Bxd6 17. Qa4 Nbd7 18. Rfd1 Nb6 19. Qa6 Ra8 20. Rac1 Bc8 21.
Qd3 Be7 22. Qc2 Qb8 1/2-1/2

[Event "Valasska Bystrice Open"]
[Site "?"]
[Date "2011.09.16"]
[Round "8.30"]
[White "Perik, Alois"]
[Black "Ruzicka, Vaclav"]
[Result "1-0"]
[WhiteElo "1861"]
[BlackElo "1743"]
[PlyCount "127"]
[EventDate "2011.09.10"]

1. c4 e5 2. Nc3 f5 3. g3 Nf6 4. Bg2 c6 5. d3 Bb4 6. Nf3 O-O 7. Qb3 Bxc3+ 8.
Qxc3 d6 9. O-O h6 10. b3 Be6 11. Ba3 Re8 12. Rad1 Qc7 13. c5 dxc5 14. Bxc5 Nbd7
15. Ba3 Nd5 16. Qa1 f4 17. Bb2 Bg4 18. Rc1 fxg3 19. hxg3 N5f6 20. e3 Re6 21. d4
Bxf3 22. Bxf3 e4 23. Be2 Nd5 24. Qb1 Rae8 25. Bc4 N7b6 26. Rfe1 Rg6 27. Bxd5+
Nxd5 28. Qc2 Kh8 29. Bc3 Qf7 30. Qe2 Rf8 31. Red1 Qf5 32. Kg2 Rgf6 33. Rf1 Qg5
34. Be1 Rf3 35. Rh1 Ne7 36. Rc5 R8f5 37. Rxf5 Nxf5 38. Rh3 b5 39. Qd2 Qg4 40.
Qc3 Qg6 41. Qc5 Qf7 42. Qe5 Qg6 43. Kh2 Qg4 44. Qe6 Qg5 45. Qxe4 Nxd4 46. Qxd4
Rf7 47. Rh4 Kh7 48. Rg4 Qh5+ 49. Kg2 Qf5 50. Qe4 Qxe4+ 51. Rxe4 Rd7 52. Rd4 Rf7
53. f4 c5 54. Rd5 Rc7 55. e4 a6 56. e5 Kg6 57. Kf3 Kf5 58. g4+ Ke6 59. Ke4 g6
60. Rd6+ Ke7 61. Rxg6 c4 62. Rg7+ Kd8 63. Rxc7 Kxc7 64. bxc4 1-0

[Event "Valasska Bystrice Open"]
[Site "?"]
[Date "2011.09.16"]
[Round "8.31"]
[White "Novak, Zdenek"]
[Black "Parak, Frantisek"]
[Result "1-0"]
[WhiteElo "1853"]
[BlackElo "1758"]
[PlyCount "119"]
[EventDate "2011.09.10"]

1. Nf3 Nf6 2. d4 e6 3. c4 d5 4. cxd5 exd5 5. a3 c6 6. Bf4 Bd6 7. Bxd6 Qxd6 8.
e3 O-O 9. Bd3 Re8 10. Nbd2 Bg4 11. Qc2 h6 12. O-O Nbd7 13. Rfe1 a6 14. h3 Be6
15. Rac1 Rac8 16. b4 Re7 17. e4 dxe4 18. Bxe4 Rce8 19. Ne5 Bd5 20. Bxd5 Qxd5
21. Ndf3 Nxe5 22. dxe5 Nd7 23. Rcd1 Qb5 24. Nd4 Qb6 25. e6 fxe6 26. Rxe6 Nf6
27. Rxe7 Rxe7 28. Nf5 Re5 29. Nxh6+ Kf8 30. Nf5 Qb5 31. Rd8+ Ne8 32. Ne3 Qb6
33. Qd2 Qc7 34. Rd7 Qc8 35. Nc4 Re7 36. Nb6 Qb8 37. Rxe7 Kxe7 38. Qg5+ Kf7 39.
Qh5+ Kg8 40. Qf5 Qd8 41. Nd7 Qe7 42. Nc5 Nd6 43. Qe6+ Qxe6 44. Nxe6 Kf7 45. Nc5
Nb5 46. Nxb7 Nxa3 47. Nc5 Nc2 48. Nxa6 Ke7 49. g4 Kd6 50. g5 g6 51. Kg2 Ke5 52.
Kg3 Kf5 53. f4 Nd4 54. Nb8 Ke6 55. h4 Kd5 56. Kg4 Kc4 57. h5 gxh5+ 58. Kxh5
Kxb4 59. g6 c5 60. g7 1-0

[Event "Valasska Bystrice Open"]
[Site "?"]
[Date "2011.09.16"]
[Round "8.32"]
[White "Vanhara, Petr"]
[Black "Oktavec, Ivan"]
[Result "1/2-1/2"]
[WhiteElo "1849"]
[BlackElo "1713"]
[PlyCount "87"]
[EventDate "2011.09.10"]

1. e4 e6 2. d4 d5 3. Nc3 dxe4 4. Nxe4 Nf6 5. Bg5 Be7 6. Nxf6+ Bxf6 7. Be3 O-O
8. Nf3 b6 9. Be2 Bb7 10. Qd2 Nd7 11. c3 Rc8 12. O-O c5 13. Qc2 Qe7 14. dxc5
Nxc5 15. Nd2 Rfd8 16. Rad1 Qc7 17. Bf3 Ba6 18. c4 Bb7 19. Bxb7 Nxb7 20. b3 Nc5
21. Nf3 Qe7 22. Bd4 Bxd4 23. Nxd4 Nb7 24. Qe2 Nd6 25. Qf3 Qb7 26. Rfe1 Qxf3 27.
Nxf3 Nb7 28. Kf1 Kf8 29. Rd2 Rxd2 30. Nxd2 Rd8 31. Ke2 Nc5 32. g3 f6 33. Nb1
Ke7 34. Nc3 a6 35. f3 g6 36. Rd1 Rxd1 37. Nxd1 Kd6 38. Nc3 f5 39. Ke3 g5 40. b4
Nd7 41. f4 g4 42. a4 Kc6 43. Kd4 Kd6 44. Ke3 1/2-1/2

[Event "Valasska Bystrice Open"]
[Site "?"]
[Date "2011.09.16"]
[Round "8.34"]
[White "Glacner, Karel"]
[Black "Vranova, Jarmila"]
[Result "1/2-1/2"]
[WhiteElo "1669"]
[BlackElo "1717"]
[PlyCount "117"]
[EventDate "2011.09.10"]

1. d4 Nf6 2. c4 d5 3. Nc3 c6 4. Bg5 Nbd7 5. c5 g6 6. Qd2 Bg7 7. b4 a6 8. a4 O-O
9. Bh6 Ng4 10. Bxg7 Kxg7 11. f3 Ngf6 12. Nh3 e5 13. Nf2 Re8 14. e4 exd4 15.
Qxd4 Kg8 16. a5 Ne5 17. O-O-O Qe7 18. exd5 Nxd5 19. Nxd5 cxd5 20. Qxd5 Bf5 21.
Ne4 Nc6 22. Qd6 Bxe4 23. Qxe7 Rxe7 24. fxe4 Rxe4 25. Rd7 Rxb4 26. Kc2 Nxa5 27.
Bd3 Rc8 28. Kc3 Rb3+ 29. Kd4 Rb4+ 30. Kc3 Rg4 31. Rf1 Rxc5+ 32. Kd2 Rxg2+ 33.
Ke3 f5 34. Kf3 Rxh2 35. Re1 Kf8 36. Ree7 Nc6 37. Rf7+ Ke8 38. Kf4 Ne5 39. Rfe7+
Kf8 40. Rxe5 Rh4+ 41. Kg5 Rg4+ 42. Kf6 Rxe5 43. Kxe5 Rg3 44. Bc4 Re3+ 45. Kf6
Ke8 46. Be6 b5 47. Rc7 Rd3 48. Rxh7 Kd8 49. Ra7 b4 50. Kxg6 Ra3 51. Kxf5 a5 52.
Rb7 Ra1 53. Ke5 Ra3 54. Kd6 Rd3+ 55. Bd5 Ke8 56. Kc5 Rc3+ 57. Kb5 Rd3 58. Bc4
Ra3 59. Ra7 1/2-1/2

[Event "Valasska Bystrice Open"]
[Site "?"]
[Date "2011.09.16"]
[Round "8.35"]
[White "Mlady, Pavel"]
[Black "Olsar, Zdenek"]
[Result "0-1"]
[WhiteElo "1429"]
[BlackElo "1985"]
[PlyCount "80"]
[EventDate "2011.09.10"]

1. d4 d5 2. Nf3 Nf6 3. Bf4 c6 4. e3 Bf5 5. Nbd2 e6 6. Be2 Be7 7. c3 Qb6 8. Qb3
O-O 9. Bg5 h6 10. Bf4 Nbd7 11. O-O Ne4 12. Nxe4 Bxe4 13. Nd2 Bg6 14. Rae1 f6
15. Bg4 f5 16. Bd1 Bf7 17. Qc2 Rfe8 18. Kh1 c5 19. g4 cxd4 20. exd4 fxg4 21.
Bxg4 Nf6 22. Bf3 Rac8 23. Rg1 Kh8 24. Nb3 a5 25. Qd2 Nh7 26. Be2 Bg5 27. Bd3
Bh5 28. h3 Bf3+ 29. Kh2 e5 30. Bxg5 Nxg5 31. Rg3 e4 32. Be2 Bxe2 33. Rxg5 hxg5
34. Qxe2 Qd6+ 35. Kh1 Qf4 36. Nxa5 b6 37. Nb3 Re6 38. Rg1 Rh6 39. Rg3 Rf8 40.
Kg2 Rhf6 0-1

[Event "Valasska Bystrice Open"]
[Site "?"]
[Date "2011.09.16"]
[Round "8.40"]
[White "Svoboda, Zdenek"]
[Black "Klima, Martin"]
[Result "1-0"]
[WhiteElo "1725"]
[BlackElo "1655"]
[PlyCount "69"]
[EventDate "2011.09.10"]

1. e4 c5 2. Nc3 Nc6 3. g3 d6 4. Bg2 e5 5. d3 Nf6 6. Nge2 Be7 7. O-O O-O 8. Bg5
Rb8 9. Qd2 h6 10. Bxf6 Bxf6 11. f4 Nd4 12. Nxd4 cxd4 13. Nd5 Be6 14. Nxf6+ Qxf6
15. f5 Bd7 16. h4 Rfc8 17. Bf3 Rc7 18. Qh2 Rbc8 19. Rf2 Kf8 20. Raf1 Qe7 21.
Rg2 f6 22. g4 Be8 23. Rff2 Qf7 24. Bd1 Qxa2 25. b3 Qb1 26. Rf1 Bf7 27. g5 Qc1
28. gxf6 gxf6 29. Qg3 Ke7 30. Bh5 Qe3+ 31. Qxe3 dxe3 32. Bxf7 Kxf7 33. Rc1 Rc3
34. Kh1 Rxd3 35. Rcg1 1-0

[Event "Valasska Bystrice Open"]
[Site "?"]
[Date "2011.09.16"]
[Round "8.44"]
[White "Kolibik, Jan"]
[Black "Kovarik, Matyas"]
[Result "1-0"]
[WhiteElo "1684"]
[BlackElo "1553"]
[PlyCount "45"]
[EventDate "2011.09.10"]

1. d4 Nf6 2. c4 g6 3. Nc3 Bg7 4. e4 d6 5. Be2 O-O 6. Nf3 Nbd7 7. O-O e5 8. Qc2
Qe7 9. d5 a5 10. Bg5 Nc5 11. Nd2 Bd7 12. Be3 Ne8 13. Nb3 Nxb3 14. axb3 f5 15.
f3 f4 16. Bf2 Qg5 17. Rfd1 Bh3 18. Bf1 h5 19. b4 h4 20. Be1 Nf6 21. bxa5 Ng4
22. fxg4 Qxg4 23. Kh1 1-0

[Event "Valasska Bystrice Open"]
[Site "?"]
[Date "2011.09.16"]
[Round "8.3"]
[White "Beran, Petr"]
[Black "Obsivac, Josef"]
[Result "1/2-1/2"]
[WhiteElo "2086"]
[BlackElo "2274"]
[PlyCount "65"]
[EventDate "2011.09.10"]

1. Nf3 Nf6 2. d4 b5 3. Bg5 Bb7 4. e3 a6 5. c4 bxc4 6. Bxc4 e6 7. Nc3 Be7 8. O-O
d5 9. Be2 Nbd7 10. b4 Bxb4 11. Rb1 Bxc3 12. Rxb7 Qc8 13. Rb1 Ne4 14. Qc2 c5 15.
dxc5 Ndxc5 16. Rfc1 Ba5 17. Qb2 f6 18. Bf4 Bd8 19. Nd2 Qd7 20. Nxe4 Nxe4 21. f3
Ng5 22. Bxg5 fxg5 23. Qb7 Ra7 24. Qxd7+ Kxd7 25. Rb8 Rf8 26. Rcc8 Ke7 27. Kf2
a5 28. a4 Rd7 29. Bb5 Rd6 30. Rb7+ Kf6 31. Rbb8 Ke7 32. Rb7+ Kf6 33. Rbb8
1/2-1/2